The recent study of Hebrew : a survey of the literature with selected bibliography /

Bibliographic Details
Main Author: Waldman, Nahum M.
Format: Book
Language:English
Published: Cincinnati : Winona Lake, Ind. : Hebrew Union College Press ; Eisenbrauns, 1989.
Series:Bibliographica Judaica. 10.
Subjects:

MARC

Tag First Indicator Second Indicator Subfields
LEADER 00000cam a2200000 a 4500
001 in00000913721
005 20150924143835.0
008 890801s1989 ohu ab 00110 eng
010 |a  89019885  
020 |a 0878209085 
035 |a (OCoLC)20220921 
035 |9 AEP3879AM 
040 |a DLC  |c DLC  |d TXA  |d UtOrBLW 
049 |a TXAM  |c [A13106943] 
050 0 0 |a Z7070  |b .W34 1989 
100 1 |a Waldman, Nahum M. 
245 1 4 |a The recent study of Hebrew :  |b a survey of the literature with selected bibliography /  |c Nahum M. Waldman. 
264 1 |a Cincinnati :  |b Hebrew Union College Press ;  |a Winona Lake, Ind. :  |b Eisenbrauns,  |c 1989. 
300 |a xx, 464 pages ;  |c 24 cm. 
336 |a text  |b txt  |2 rdacontent 
337 |a unmediated  |b n  |2 rdamedia 
338 |a volume  |b nc  |2 rdacarrier 
490 1 |a Bibliographica Judaica,  |x 0067-6853 ;  |v 10 
500 |a "An I. Edward Kiev Library Foundation book"--1st prelim. p. 
504 |a Includes bibliographical references (pages 267-448) and index. 
650 0 |a Hebrew language  |x Bibliography. 
650 0 |a Hebrew language  |x Abstracts. 
830 0 |a Bibliographica Judaica.  |x 0067-6853 ;  |v 10. 
999 |a MARS 
999 f f |s 1f2a8519-6767-34de-9de1-28c04272e609  |i 82850306-29c8-3a51-ba0e-567648a6bf41  |t 0 
952 f f |p ric  |a Texas A&M University  |b Rellis Campus  |c Joint Library Facility  |d Remote Storage  |t 0  |e Z7070 .W34 1989  |h Library of Congress classification  |i unmediated -- volume  |m A14813106943 
998 f f |a Z7070 .W34 1989  |t 0  |l Remote Storage